[Event "XVIII. DBMM Schach"]
[Site "Altenberg OT Zinnwald"]
[Date "2018.11.11"]
[Round "7.1"]
[White "Koscielski, Janusch"]
[Black "Schleining, Zoya"]
[Result "1/2-1/2"]
[WhiteElo "2320"]
[BlackElo "2370"]
[Annotator "br"]
[PlyCount "61"]
[EventDate "2018.11.??"]
[EventType "team-swiss"]
[EventRounds "7"]
[EventCountry "GER"]
[SourceTitle "XVIII. DBMM 2018"]
[Source "FV Schach e.V."]
[SourceDate "2018.11.12"]
[SourceVersion "1"]
[SourceVersionDate "2018.11.12"]
[SourceQuality "1"]
[WhiteTeam "EKJ Herne und Wanne-Eickel"]
[BlackTeam "EFS Filtertechnik Erkrath"]
[WhiteTeamCountry "GER"]
[BlackTeamCountry "GER"]

1. e4 c5 2. Nf3 Nc6 3. d4 cxd4 4. Nxd4 Qc7 5. Nc3 e6 6. Be3 a6 7. Bd3 Nf6 8.
O-O Nxd4 9. Bxd4 Bc5 10. Bxc5 Qxc5 11. Qe2 d6 12. Kh1 e5 13. Bc4 Bg4 14. Qd3
Rc8 15. Bb3 O-O 16. f3 Be6 17. Rfd1 Rfd8 18. Rac1 b5 19. Qe2 Bc4 20. Qe1 Kf8
21. Bxc4 Qxc4 22. a3 a5 23. Nd5 Nxd5 24. Rxd5 Qa4 25. Qd2 Rc6 26. c3 Qb3 27. h3
f6 28. Rd1 Ke7 29. Qe2 Rc5 30. R1d2 Qc4 31. Qxc4 1/2-1/2

[Event "XVIII. DBMM Schach"]
[Site "Altenberg OT Zinnwald"]
[Date "2018.11.11"]
[Round "7.2"]
[White "Juziak, Peter"]
[Black "Hortolani, Sven Holger"]
[Result "0-1"]
[WhiteElo "2054"]
[BlackElo "2140"]
[Annotator "br"]
[PlyCount "77"]
[EventDate "2018.11.??"]
[EventType "team-swiss"]
[EventRounds "7"]
[EventCountry "GER"]
[SourceTitle "XVIII. DBMM 2018"]
[Source "FV Schach e.V."]
[SourceDate "2018.11.12"]
[SourceVersion "1"]
[SourceVersionDate "2018.11.12"]
[SourceQuality "1"]
[WhiteTeam "EFS Filtertechnik Erkrath"]
[BlackTeam "EKJ Herne und Wanne-Eickel"]
[WhiteTeamCountry "GER"]
[BlackTeamCountry "GER"]

1. d4 Nf6 2. Nf3 c5 3. c3 cxd4 4. cxd4 d5 5. Nc3 Nc6 6. Bf4 e6 7. Rc1 Bd6 8.
Bg3 Ne4 9. e3 f5 10. Be2 O-O 11. Bxd6 Qxd6 12. O-O a6 13. Na4 Bd7 14. Ne1 f4
15. Nf3 b5 16. Nc3 Rf6 17. Nxe4 dxe4 18. Ne5 Be8 19. Rc5 Nxe5 20. Rxe5 Bc6 21.
Bg4 Bd5 22. exf4 Rxf4 23. f3 exf3 24. gxf3 Bc4 25. Rfe1 Rxd4 26. Qc2 Rd2 27.
Qc3 Rd3 28. Qc2 Qd4+ 29. Kh1 Rd2 30. Qe4 Qxe4 31. R5xe4 Rxb2 32. a3 Rb3 33.
Rxe6 Rxa3 34. Re7 Bf7 35. Rd1 Re8 36. Ra7 Ra2 37. f4 Bd5+ 38. Kg1 Rg2+ 39. Kf1
0-1

[Event "XVIII. DBMM Schach"]
[Site "Altenberg OT Zinnwald"]
[Date "2018.11.11"]
[Round "7.3"]
[White "Leveikina, Jevgenija"]
[Black "De Leroy, Babs"]
[Result "1/2-1/2"]
[WhiteElo "2110"]
[BlackElo "1717"]
[Annotator "br"]
[PlyCount "71"]
[EventDate "2018.11.??"]
[EventType "team-swiss"]
[EventRounds "7"]
[EventCountry "GER"]
[SourceTitle "XVIII. DBMM 2018"]
[Source "FV Schach e.V."]
[SourceDate "2018.11.12"]
[SourceVersion "1"]
[SourceVersionDate "2018.11.12"]
[SourceQuality "1"]
[WhiteTeam "EKJ Herne und Wanne-Eickel"]
[BlackTeam "EFS Filtertechnik Erkrath"]
[WhiteTeamCountry "GER"]
[BlackTeamCountry "GER"]

1. d4 d5 2. Nf3 Nf6 3. c4 c6 4. cxd5 cxd5 5. Nc3 Nc6 6. Bf4 e6 7. e3 a6 8. Bd3
Be7 9. h3 Bd7 10. O-O Rc8 11. Ne5 b5 $11 12. a4 b4 13. Ne2 Qb6 14. Nc1 Na5 15.
Qe2 Ra8 16. Bg5 Bc8 17. b3 h6 18. Bh4 Nc6 19. Nxc6 Qxc6 20. Ra2 Qb7 21. Rc2 Bd7
22. Na2 O-O 23. Rfc1 Rfc8 24. Rxc8+ Bxc8 25. Bg3 Bd8 26. Qd2 a5 27. Rc2 Bd7 28.
Nc1 Rc8 29. f3 Rxc2 30. Qxc2 Qc6 31. Kf1 Qxc2 32. Bxc2 Bc6 33. Nd3 Nd7 34. Ke2
Bb7 35. Kd2 Bb6 36. Bd6 {. Mit diesem Remis sicherte WFM Leveikina dem EKJ
Herne und Wanne-Eickel den Deutschen Meistertitel.} 1/2-1/2

[Event "XVIII. DBMM Schach"]
[Site "Altenberg OT Zinnwald"]
[Date "2018.11.11"]
[Round "7.4"]
[White "Hartig, Uwe"]
[Black "Selmanaj, Agim"]
[Result "1-0"]
[WhiteElo "1989"]
[BlackElo "1643"]
[Annotator "br"]
[PlyCount "43"]
[EventDate "2018.11.??"]
[EventType "team-swiss"]
[EventRounds "7"]
[EventCountry "GER"]
[SourceTitle "XVIII. DBMM 2018"]
[Source "FV Schach e.V."]
[SourceDate "2018.11.12"]
[SourceVersion "1"]
[SourceVersionDate "2018.11.12"]
[SourceQuality "1"]
[WhiteTeam "EFS Filtertechnik Erkrath"]
[BlackTeam "EKJ Herne und Wanne-Eickel"]
[WhiteTeamCountry "GER"]
[BlackTeamCountry "GER"]

1. e4 g6 2. d4 Bg7 3. Nc3 d6 4. Be3 a6 5. Qd2 Nc6 6. Nf3 Bg4 7. d5 Ne5 8. Nxe5
Bxe5 9. f4 Bg7 10. f5 gxf5 11. h3 Bh5 12. exf5 Bxc3 13. Qxc3 f6 14. g4 Bf7 15.
O-O-O Qd7 16. Bg2 O-O-O 17. Rd3 Kb8 18. Qd4 c5 19. dxc6 bxc6 20. Qb6+ Kc8 21.
Bxc6 Qc7 22. Qxa6+ 1-0

[Event "XVIII. DBMM Schach"]
[Site "Altenberg OT Zinnwald"]
[Date "2018.11.11"]
[Round "7.1"]
[White "Gohil, Harry"]
[Black "Hohlfeld, Wolfgang"]
[Result "1/2-1/2"]
[WhiteElo "2229"]
[BlackElo "2056"]
[Annotator "br"]
[PlyCount "53"]
[EventDate "2018.11.??"]
[EventType "team-swiss"]
[EventRounds "7"]
[EventCountry "GER"]
[SourceTitle "XVIII. DBMM 2018"]
[Source "FV Schach e.V."]
[SourceDate "2018.11.12"]
[SourceVersion "1"]
[SourceVersionDate "2018.11.12"]
[SourceQuality "1"]
[WhiteTeam "BSG Commerzbank Frankfurt"]
[BlackTeam "Baubehoerde Hamburg"]
[WhiteTeamCountry "GER"]
[BlackTeamCountry "GER"]

1. d4 d5 2. Nf3 Nf6 3. e3 c5 4. c4 e6 5. Nc3 cxd4 6. Nxd4 Nc6 7. cxd5 exd5 8.
Bb5 Bd7 9. O-O Be7 10. b3 O-O 11. Bb2 Rc8 12. Be2 Bc5 13. Bf3 Nxd4 14. exd4 Bb4
15. Nxd5 Nxd5 16. Bxd5 Bb5 17. Bxb7 Rc7 18. Be4 Bxf1 19. Qxf1 Re8 20. Qd3 Qh4
21. f3 Bd6 22. g3 Bxg3 23. hxg3 Qxg3+ 24. Kf1 Qh3+ 25. Kg1 Qg3+ 26. Kf1 Qh3+
27. Kg1 1/2-1/2

[Event "XVIII. DBMM Schach"]
[Site "Altenberg OT Zinnwald"]
[Date "2018.11.11"]
[Round "7.2"]
[White "Hein, Ralf"]
[Black "Piepenburg, Rolf"]
[Result "1/2-1/2"]
[WhiteElo "2053"]
[BlackElo "1984"]
[Annotator "br"]
[PlyCount "50"]
[EventDate "2018.11.??"]
[EventType "team-swiss"]
[EventRounds "7"]
[EventCountry "GER"]
[SourceTitle "XVIII. DBMM 2018"]
[Source "FV Schach e.V."]
[SourceDate "2018.11.12"]
[SourceVersion "1"]
[SourceVersionDate "2018.11.12"]
[SourceQuality "1"]
[WhiteTeam "Baubehoerde Hamburg"]
[BlackTeam "BSG Commerzbank Frankfurt"]
[WhiteTeamCountry "GER"]
[BlackTeamCountry "GER"]

1. c4 e6 2. Nc3 d5 3. d4 Nf6 4. g3 Be7 5. Bg2 O-O 6. Bf4 dxc4 7. e4 Nc6 8. Nge2
a6 9. a4 Nb4 10. O-O Nd3 11. Qd2 Nxf4 12. Qxf4 c6 13. Qc1 Rb8 14. Rd1 b5 15.
Nf4 Qb6 16. axb5 axb5 17. d5 cxd5 18. exd5 exd5 19. Ncxd5 Nxd5 20. Nxd5 Qc5 21.
Qf4 Be6 22. b4 cxb3 23. Rac1 Qa3 24. Ra1 Qc5 25. Rac1 Qa3 1/2-1/2

[Event "XVIII. DBMM Schach"]
[Site "Altenberg OT Zinnwald"]
[Date "2018.11.11"]
[Round "7.3"]
[White "Brauer, Frank"]
[Black "Kaliski, Achim"]
[Result "1/2-1/2"]
[WhiteElo "1791"]
[BlackElo "1993"]
[Annotator "br"]
[PlyCount "80"]
[EventDate "2018.11.??"]
[EventType "team-swiss"]
[EventRounds "7"]
[EventCountry "GER"]
[SourceTitle "XVIII. DBMM 2018"]
[Source "FV Schach e.V."]
[SourceDate "2018.11.12"]
[SourceVersion "1"]
[SourceVersionDate "2018.11.12"]
[SourceQuality "1"]
[WhiteTeam "BSG Commerzbank Frankfurt"]
[BlackTeam "Baubehoerde Hamburg"]
[WhiteTeamCountry "GER"]
[BlackTeamCountry "GER"]

1. e4 e5 2. Nf3 Nf6 3. Nxe5 d6 4. Nf3 Nxe4 5. Nc3 Nxc3 6. dxc3 Nc6 7. Be3 Bg4
8. Be2 Be7 9. Qd2 Qd7 10. O-O-O Bf6 11. Kb1 O-O 12. h3 Bxf3 13. Bxf3 Rfe8 14.
Bg5 Bxg5 15. Qxg5 Re5 16. Qd2 Rae8 17. Rhe1 b6 18. a3 R8e7 19. Bxc6 Qxc6 20.
Rxe5 Rxe5 21. Re1 Qe8 22. Rxe5 Qxe5 23. Kc1 g6 24. g3 d5 25. Kd1 Kg7 26. Qd4
Kf6 27. Kd2 c5 28. Qxe5+ Kxe5 29. Ke3 g5 30. b4 h5 31. b5 d4+ 32. cxd4+ cxd4+
33. Kd3 f5 34. a4 g4 35. hxg4 hxg4 36. Kd2 Ke4 37. Ke2 Ke5 38. Kd2 Kd5 39. Kd3
Ke5 40. Kd2 Ke4 1/2-1/2

[Event "XVIII. DBMM Schach"]
[Site "Altenberg OT Zinnwald"]
[Date "2018.11.11"]
[Round "7.4"]
[White "Buchholz, Robert"]
[Black "Huebner, Detlef"]
[Result "1-0"]
[WhiteElo "1967"]
[BlackElo "1513"]
[Annotator "br"]
[PlyCount "59"]
[EventDate "2018.11.??"]
[EventType "team-swiss"]
[EventRounds "7"]
[EventCountry "GER"]
[SourceTitle "XVIII. DBMM 2018"]
[Source "FV Schach e.V."]
[SourceDate "2018.11.12"]
[SourceVersion "1"]
[SourceVersionDate "2018.11.12"]
[SourceQuality "1"]
[WhiteTeam "Baubehoerde Hamburg"]
[BlackTeam "BSG Commerzbank Frankfurt"]
[WhiteTeamCountry "GER"]
[BlackTeamCountry "GER"]

1. d4 Nf6 2. c4 g6 3. Nc3 d5 4. Nf3 Bg7 5. e3 O-O 6. Bd3 c6 7. O-O dxc4 8. Bxc4
Bf5 9. Qb3 Qb6 10. Bd2 Qxb3 11. Bxb3 Nbd7 12. h3 Bd3 13. Rfd1 Ba6 14. Rac1 e6
15. Ne1 Nb6 16. Nc2 Nc4 17. Bxc4 Bxc4 18. b3 Ba6 19. Nb4 Nd5 20. Ncxd5 cxd5 21.
Nxa6 bxa6 22. Rc6 Rfc8 23. Rdc1 Rxc6 24. Rxc6 Bf6 25. Bb4 a5 26. Bxa5 Bd8 27.
Bxd8 Rxd8 28. Rc7 a6 29. Rc6 a5 30. Ra6 1-0

[Event "XVIII. DBMM Schach"]
[Site "Altenberg OT Zinnwald"]
[Date "2018.11.11"]
[Round "7.2"]
[White "Gebert Vangeel, Ralf"]
[Black "Poenisch, Egmont"]
[Result "1-0"]
[WhiteElo "1995"]
[BlackElo "2145"]
[Annotator "rgv"]
[PlyCount "119"]
[EventDate "2018.11.??"]
[EventType "team-swiss"]
[EventRounds "7"]
[EventCountry "GER"]
[SourceTitle "XVIII. DBMM 2018"]
[Source "FV Schach e.V."]
[SourceDate "2018.11.12"]
[SourceVersion "1"]
[SourceVersionDate "2018.11.12"]
[SourceQuality "1"]
[WhiteTeam "SV Osram Berlin"]
[BlackTeam "Dresdner Schachfestival"]
[WhiteTeamCountry "GER"]
[BlackTeamCountry "GER"]

1. e4 d6 2. d4 g6 3. Nc3 Bg7 4. Be3 c6 5. Qd2 Na6 6. Nf3 Nc7 7. Bd3 Bd7 8. O-O
Nf6 9. h3 O-O 10. a4 Re8 11. Ng5 h6 12. Nf3 Kh7 13. Nh2 Qc8 14. f4 d5 15. e5
Ne4 16. Nxe4 dxe4 17. Bxe4 f5 18. Bd3 Nd5 19. Bf2 e6 20. c4 Ne7 21. b4 Rg8 22.
Nf3 Qe8 23. Be3 Qf7 24. Ra2 Rgd8 25. Rfa1 Bf8 26. Bf1 Be8 27. Qc1 Ng8 28. Rb1
Ne7 29. Ne1 Rdc8 30. Be2 Kh8 31. Bf3 Rab8 32. a5 a6 33. Nd3 Ng8 34. Rab2 Rc7
35. Qf1 Ne7 36. Nc5 Ng8 37. Nd3 Ne7 38. Be2 Kh7 39. Nc5 Kh8 40. Na4 Kh7 41. Nc3
Kh8 42. Rb3 Rbc8 43. Kh1 Kh7 44. Na4 Kh8 45. Nb6 Rb8 46. Rd1 Rd8 47. Bf3 Kh7
48. Qe1 Kh8 49. Bc1 Nc8 50. d5 cxd5 51. cxd5 Nxb6 52. axb6 Rcc8 53. Rbd3 Ba4
54. dxe6 Rxd3 55. Rxd3 Qxe6 56. Be3 Bc6 57. Qd1 Bxf3 58. Qxf3 Rc6 59. Rd8 Kg7
60. Qd1 1-0

[Event "XVIII. DBMM Schach"]
[Site "Altenberg OT Zinnwald"]
[Date "2018.11.11"]
[Round "7.4"]
[White "Eisermann, Daniel"]
[Black "Sebastian, Martin"]
[Result "0-1"]
[WhiteElo "2003"]
[BlackElo "1957"]
[Annotator "de"]
[PlyCount "106"]
[EventDate "2018.11.??"]
[EventType "team-swiss"]
[EventRounds "7"]
[EventCountry "GER"]
[SourceTitle "XVIII. DBMM 2018"]
[Source "FV Schach e.V."]
[SourceDate "2018.11.12"]
[SourceVersion "1"]
[SourceVersionDate "2018.11.12"]
[SourceQuality "1"]
[WhiteTeam "SV Osram Berlin"]
[BlackTeam "Dresdner Schachfestival"]
[WhiteTeamCountry "GER"]
[BlackTeamCountry "GER"]

1. e4 c5 2. Nf3 Nc6 3. c3 d5 4. exd5 Qxd5 5. d4 cxd4 6. cxd4 Bg4 7. Be2 e6 8.
Nc3 Qd7 9. Be3 Nf6 10. h3 Bh5 11. O-O Be7 12. Qb3 O-O 13. Rfd1 Na5 14. Qc2 Bg6
15. Qd2 Qd8 16. Ne5 Ne4 17. Qe1 Bb4 18. Nxg6 hxg6 19. a3 Bxc3 20. bxc3 Nd6 21.
Bf3 Ndc4 22. Qe2 Rc8 23. Bf4 Qf6 24. Be5 Nxe5 25. dxe5 Qe7 26. Rab1 b6 27. Rd3
Rc7 28. Rb4 Rfc8 29. Rbd4 Nb3 30. Rd1 Nxd4 31. cxd4 Qxa3 32. d5 exd5 33. e6 f6
34. Rxd5 Re7 35. Rd7 Rxd7 36. exd7 Qc1+ 37. Kh2 Qc7+ 38. g3 Qxd7 39. Qa2+ Kh7
40. Qe2 f5 41. Qe3 Qd6 42. Qg5 Qf6 43. Qd2 Rd8 44. Qc2 a5 45. Qa2 Qd4 46. Kg2
Qc5 47. h4 Rf8 48. Qe6 Rf6 49. Qe8 Qf8 50. Qb5 Qd8 51. Bd5 Rd6 52. Ba2 Qa8+ 53.
Kg1 Rd1+ 0-1

[Event "XVIII. DBMM Schach"]
[Site "Altenberg OT Zinnwald"]
[Date "2018.11.11"]
[Round "7.1"]
[White "Bumes, Konrad"]
[Black "Segerberg, Tomas"]
[Result "0-1"]
[WhiteElo "1949"]
[BlackElo "2028"]
[Annotator "br"]
[PlyCount "58"]
[EventDate "2018.11.??"]
[EventType "team-swiss"]
[EventRounds "7"]
[EventCountry "GER"]
[SourceTitle "XVIII. DBMM 2018"]
[Source "FV Schach e.V."]
[SourceDate "2018.11.12"]
[SourceVersion "1"]
[SourceVersionDate "2018.11.12"]
[SourceQuality "1"]
[WhiteTeam "Europaeisches Patentamt Muenchen II"]
[BlackTeam "Europaeisches Patentamt Muenchen"]
[WhiteTeamCountry "GER"]
[BlackTeamCountry "GER"]

1. d4 e6 2. Nf3 Nf6 3. Bf4 b6 4. e3 Bb7 5. Bd3 Be7 6. O-O d6 7. Nbd2 Nh5 8. Re1
Nd7 9. h3 g5 10. Nxg5 Nxf4 11. exf4 Bxg5 12. fxg5 Qxg5 13. Nf3 Qg7 14. Be4 d5
15. Bd3 Rg8 16. g3 O-O-O 17. Ne5 Nf6 18. Qe2 Ne4 19. Qe3 f6 20. Ng4 h5 21. Nh2
f5 22. Nf1 Rdf8 23. Bxe4 dxe4 24. Qf4 h4 25. c3 hxg3 26. Nxg3 Qh7 27. Kg2 Rf6
28. Re3 Rh6 29. Rh1 Rh4 0-1

[Event "XVIII. DBMM Schach"]
[Site "Altenberg OT Zinnwald"]
[Date "2018.11.11"]
[Round "7.2"]
[White "Bohnhoff, Peter"]
[Black "Lange, Ronny"]
[Result "1/2-1/2"]
[WhiteElo "2065"]
[BlackElo "1800"]
[Annotator "br"]
[PlyCount "61"]
[EventDate "2018.11.??"]
[EventType "team-swiss"]
[EventRounds "7"]
[EventCountry "GER"]
[SourceTitle "XVIII. DBMM 2018"]
[Source "FV Schach e.V."]
[SourceDate "2018.11.12"]
[SourceVersion "1"]
[SourceVersionDate "2018.11.12"]
[SourceQuality "1"]
[WhiteTeam "Europaeisches Patentamt Muenchen"]
[BlackTeam "Europaeisches Patentamt Muenchen II"]
[WhiteTeamCountry "GER"]
[BlackTeamCountry "GER"]

1. d4 Nf6 2. Nf3 d5 3. e3 e6 4. Bd3 b6 5. b3 Bd6 6. O-O Ba6 7. c4 O-O 8. Nc3 c6
9. Bb2 Nbd7 10. e4 dxe4 11. Nxe4 Nxe4 12. Bxe4 Rc8 13. Qe2 Nf6 14. Bc2 Qe7 15.
Rad1 Rfd8 16. Ne5 Bb7 17. Ng4 Nxg4 18. Qxg4 Qf6 19. Qh3 g6 20. Bc3 Qf4 21. Bd2
Qf6 22. Qg4 Qg7 23. Bg5 Re8 24. Qh4 f5 25. Bf6 Qf7 26. Rfe1 c5 27. Be5 Be7 28.
Qg3 cxd4 29. Rxd4 Rcd8 30. Red1 Rxd4 31. Bxd4 1/2-1/2

[Event "XVIII. DBMM Schach"]
[Site "Altenberg OT Zinnwald"]
[Date "2018.11.11"]
[Round "7.3"]
[White "Santos, Paulo"]
[Black "Dekker, Derk"]
[Result "0-1"]
[WhiteElo "1823"]
[BlackElo "1855"]
[Annotator "br"]
[PlyCount "76"]
[EventDate "2018.11.??"]
[EventType "team-swiss"]
[EventRounds "7"]
[EventCountry "GER"]
[SourceTitle "XVIII. DBMM 2018"]
[Source "FV Schach e.V."]
[SourceDate "2018.11.12"]
[SourceVersion "1"]
[SourceVersionDate "2018.11.12"]
[SourceQuality "1"]
[WhiteTeam "Europaeisches Patentamt Muenchen II"]
[BlackTeam "Europaeisches Patentamt Muenchen"]
[WhiteTeamCountry "GER"]
[BlackTeamCountry "GER"]

1. e4 e5 2. Nf3 Nc6 3. Nc3 Nf6 4. Bb5 Nd4 5. Ba4 c6 6. d3 b5 7. Bb3 Nxb3 8.
axb3 d6 9. Ne2 Be7 10. O-O O-O 11. Bg5 Qc7 12. c4 bxc4 13. bxc4 Be6 14. Nc3
Rfb8 15. Qd2 Rb7 16. Rfb1 Rab8 17. Qc2 d5 18. Nd2 Bc5 19. Na4 Bf8 20. Bh4 Nd7
21. Bg3 f6 22. b3 g6 23. Nc3 Nb6 24. Na4 Nd7 25. f3 Bh6 26. Be1 Be3+ 27. Kf1
Qd6 28. Ke2 Bd4 29. Ra2 f5 30. Bf2 fxe4 31. fxe4 Bg4+ 32. Nf3 Rf8 33. Rf1 Qf6
34. Bxd4 exd4 35. cxd5 cxd5 36. h3 dxe4 37. dxe4 Ne5 38. Qc5 Qa6+ 0-1

[Event "XVIII. DBMM Schach"]
[Site "Altenberg OT Zinnwald"]
[Date "2018.11.11"]
[Round "7.4"]
[White "Brendemuehl, Bernd"]
[Black "Achermann, Didier"]
[Result "0-1"]
[WhiteElo "1886"]
[BlackElo "1785"]
[Annotator "br"]
[PlyCount "52"]
[EventDate "2018.11.??"]
[EventType "team-swiss"]
[EventRounds "7"]
[EventCountry "GER"]
[SourceTitle "XVIII. DBMM 2018"]
[Source "FV Schach e.V."]
[SourceDate "2018.11.12"]
[SourceVersion "1"]
[SourceVersionDate "2018.11.12"]
[SourceQuality "1"]
[WhiteTeam "Europaeisches Patentamt Muenchen"]
[BlackTeam "Europaeisches Patentamt Muenchen II"]
[WhiteTeamCountry "GER"]
[BlackTeamCountry "GER"]

1. e4 c5 2. d4 cxd4 3. c3 d3 4. Bxd3 d6 5. Nf3 Nf6 6. O-O e6 7. c4 Be7 8. Nc3
O-O 9. h3 a6 10. b3 b6 11. Bb2 Bb7 12. Rc1 Nbd7 13. Re1 Qc7 14. Bb1 Rac8 15.
Qe2 Rfd8 16. Nh2 Qc5 17. Kh1 Qh5 18. Qf1 Bf8 19. f4 Qc5 20. e5 dxe5 21. fxe5
Nh5 22. Qd3 g6 23. Nf1 Bxg2+ 24. Kxg2 Nf4+ 25. Kh2 Nxd3 26. Bxd3 Qf2+ 0-1

[Event "XVIII. DBMM Schach"]
[Site "Altenberg OT Zinnwald"]
[Date "2018.11.11"]
[Round "7.1"]
[White "Guder, Sibylle"]
[Black "Blum, Norbert"]
[Result "1/2-1/2"]
[WhiteElo "1785"]
[BlackElo "1956"]
[Annotator "br"]
[PlyCount "20"]
[EventDate "2018.11.??"]
[EventType "team-swiss"]
[EventRounds "7"]
[EventCountry "GER"]
[SourceTitle "XVIII. DBMM 2018"]
[Source "FV Schach e.V."]
[SourceDate "2018.11.12"]
[SourceVersion "1"]
[SourceVersionDate "2018.11.12"]
[SourceQuality "1"]
[WhiteTeam "BA Tempelhof Berlin"]
[BlackTeam "Sparkassen-Vers. Stuttgart"]
[WhiteTeamCountry "GER"]
[BlackTeamCountry "GER"]

1. e4 e6 2. d4 d5 3. Nc3 dxe4 4. Nxe4 Nd7 5. c3 Ngf6 6. Nxf6+ Nxf6 7. Bd3 c5 8.
dxc5 Bxc5 9. Bb5+ Bd7 10. Bxd7+ Qxd7 1/2-1/2

[Event "XVIII. DBMM Schach"]
[Site "Altenberg OT Zinnwald"]
[Date "2018.11.11"]
[Round "7.2"]
[White "Bischoff, Ulrich"]
[Black "Kettenburg, Stefan"]
[Result "0-1"]
[WhiteElo "2050"]
[BlackElo "2075"]
[Annotator "br"]
[PlyCount "32"]
[EventDate "2018.11.??"]
[EventType "team-swiss"]
[EventRounds "7"]
[EventCountry "GER"]
[SourceTitle "XVIII. DBMM 2018"]
[Source "FV Schach e.V."]
[SourceDate "2018.11.12"]
[SourceVersion "1"]
[SourceVersionDate "2018.11.12"]
[SourceQuality "1"]
[WhiteTeam "Sparkassen-Vers. Stuttgart"]
[BlackTeam "BA Tempelhof Berlin"]
[WhiteTeamCountry "GER"]
[BlackTeamCountry "GER"]

1. d4 d5 2. Nf3 Nf6 3. c4 e6 4. g3 Be7 5. Bg2 O-O 6. O-O c6 7. Qc2 Nbd7 8. Nc3
b6 9. cxd5 cxd5 10. Bf4 Nh5 11. Rfc1 Nxf4 12. gxf4 Bb7 13. Qb3 Rc8 14. Nb5 a6
15. Na7 Rc7 16. Rc3 Ba8 0-1

[Event "XVIII. DBMM Schach"]
[Site "Altenberg OT Zinnwald"]
[Date "2018.11.11"]
[Round "7.3"]
[White "Baranowsky, Peter"]
[Black "Marten, Gero"]
[Result "1/2-1/2"]
[WhiteElo "1867"]
[BlackElo "2008"]
[Annotator "br"]
[PlyCount "43"]
[EventDate "2018.11.??"]
[EventType "team-swiss"]
[EventRounds "7"]
[EventCountry "GER"]
[SourceTitle "XVIII. DBMM 2018"]
[Source "FV Schach e.V."]
[SourceDate "2018.11.12"]
[SourceVersion "1"]
[SourceVersionDate "2018.11.12"]
[SourceQuality "1"]
[WhiteTeam "BA Tempelhof Berlin"]
[BlackTeam "Sparkassen-Vers. Stuttgart"]
[WhiteTeamCountry "GER"]
[BlackTeamCountry "GER"]

1. e4 c5 2. Nc3 Nc6 3. f4 g6 4. Nf3 Bg7 5. Bb5 Nd4 6. O-O e6 7. Kh1 a6 8. Bd3
d6 9. Nxd4 cxd4 10. Ne2 Ne7 11. Ng3 f5 12. exf5 exf5 13. Qf3 O-O 14. b3 Rb8 15.
Ba3 b5 16. Rae1 Kh8 17. Bb2 Bb7 18. Qf2 Nc6 19. Ne2 Qf6 20. c3 dxc3 21. Bxc3
Qf7 22. Nd4 1/2-1/2

[Event "XVIII. DBMM Schach"]
[Site "Altenberg OT Zinnwald"]
[Date "2018.11.11"]
[Round "7.1"]
[White "Schmidt, Gerhard"]
[Black "Schroeder, Kai Uwe"]
[Result "1/2-1/2"]
[WhiteElo "2040"]
[BlackElo "1873"]
[Annotator "br"]
[PlyCount "50"]
[EventDate "2018.11.??"]
[EventType "team-swiss"]
[EventRounds "7"]
[EventCountry "GER"]
[SourceTitle "XVIII. DBMM 2018"]
[Source "FV Schach e.V."]
[SourceDate "2018.11.12"]
[SourceVersion "1"]
[SourceVersionDate "2018.11.12"]
[SourceQuality "1"]
[WhiteTeam "Europark Altenberg/SV St.2"]
[BlackTeam "Baubehoerde Hamburg II"]
[WhiteTeamCountry "GER"]
[BlackTeamCountry "GER"]

1. e4 e6 2. d4 d5 3. exd5 exd5 4. Bd3 Bd6 5. Nf3 Ne7 6. O-O O-O 7. Re1 Nbc6 8.
Nbd2 Bf5 9. Nf1 Bxd3 $11 10. Qxd3 f6 11. Ng3 Qd7 12. c4 dxc4 13. Qxc4+ Kh8 14.
Bd2 Rfe8 15. Bc3 Ng6 16. Ne4 Bf8 17. Nc5 Bxc5 18. dxc5 Rxe1+ 19. Rxe1 Re8 20.
Rxe8+ Qxe8 21. b4 Nce5 22. Nxe5 Nxe5 23. Qe4 Qc6 24. Qf5 Qd7 25. Qxd7 Nxd7
1/2-1/2

[Event "XVIII. DBMM Schach"]
[Site "Altenberg OT Zinnwald"]
[Date "2018.11.11"]
[Round "7.2"]
[White "Hartmann, Jens"]
[Black "Lau, Peter"]
[Result "1/2-1/2"]
[WhiteElo "1839"]
[BlackElo "1770"]
[Annotator "br"]
[PlyCount "29"]
[EventDate "2018.11.??"]
[EventType "team-swiss"]
[EventRounds "7"]
[EventCountry "GER"]
[SourceTitle "XVIII. DBMM 2018"]
[Source "FV Schach e.V."]
[SourceDate "2018.11.12"]
[SourceVersion "1"]
[SourceVersionDate "2018.11.12"]
[SourceQuality "1"]
[WhiteTeam "Baubehoerde Hamburg II"]
[BlackTeam "Europark Altenberg/SV St.2"]
[WhiteTeamCountry "GER"]
[BlackTeamCountry "GER"]

1. e4 e6 2. d4 d5 3. exd5 exd5 4. Bd3 Bd6 5. Ne2 Ne7 6. O-O Nbc6 7. c3 Bf5 8.
Ng3 Bxd3 9. Qxd3 Qd7 10. Nd2 O-O 11. b4 Ng6 12. Nf3 Nce7 13. a4 a6 14. Ra2 Nf4
15. Bxf4 1/2-1/2

[Event "XVIII. DBMM Schach"]
[Site "Altenberg OT Zinnwald"]
[Date "2018.11.11"]
[Round "7.3"]
[White "Bussler, Juergen"]
[Black "Raum, Norbert"]
[Result "0-1"]
[WhiteElo "1909"]
[BlackElo "1842"]
[Annotator "br"]
[PlyCount "52"]
[EventDate "2018.11.??"]
[EventType "team-swiss"]
[EventRounds "7"]
[EventCountry "GER"]
[SourceTitle "XVIII. DBMM 2018"]
[Source "FV Schach e.V."]
[SourceDate "2018.11.12"]
[SourceVersion "1"]
[SourceVersionDate "2018.11.12"]
[SourceQuality "1"]
[WhiteTeam "Europark Altenberg/SV St.2"]
[BlackTeam "Baubehoerde Hamburg II"]
[WhiteTeamCountry "GER"]
[BlackTeamCountry "GER"]

1. c4 b6 2. Nf3 Bb7 3. g3 Bxf3 4. exf3 c5 5. d4 cxd4 6. Qxd4 Nc6 7. Qc3 e6 8.
a3 Qf6 9. Bg2 Qxc3+ 10. Nxc3 Rc8 11. Be3 Be7 12. O-O Nf6 13. f4 O-O 14. Rfc1
Na5 15. Bf1 Nb3 16. Nb5 a6 17. Nc3 Bc5 18. Na4 Bxe3 19. fxe3 Rb8 20. Rab1 Nxc1
21. Rxc1 Rfc8 22. Nc3 d5 23. b3 b5 24. cxb5 axb5 25. Na2 Rxc1 26. Nxc1 Ng4 0-1